[Event "NOR-ch"]
[Site "Kristiansand"]
[Date "1987.??.??"]
[Round "?"]
[White "Elseth, Roar"]
[Black "Haugli, Petter"]
[Result "1/2-1/2"]
[WhiteElo "2285"]
[BlackElo "2370"]

1.e4 e6 2.d4 d5 3.Nc3 Bb4 4.e5 Qd7 5.Ne2 b6 6.a3 Bf8 7.Be3 Ba6 8.Ng3 Bxf1
9.Rxf1 c5 10.Nce2 Nc6 11.f4 g6 12.Qd3 c4 13.Qd2 h5 14.Ng1 Nh6 15.Nf3 Be7
16.Rg1 O-O-O 17.Nf1 Nf5  1/2-1/2

[Event "Leningrad"]
[Site "Leningrad"]
[Date "1987.??.??"]
[Round "?"]
[White "Chandler, Murray G"]
[Black "Nogueiras, Jesus"]
[Result "1/2-1/2"]
[WhiteElo "2595"]
[BlackElo "2565"]

1.e4 e6 2.d4 d5 3.Nc3 Bb4 4.e5 Ne7 5.a3 Bxc3+ 6.bxc3 c5 7.Qg4 O-O 8.Nf3 f5
9.exf6 Rxf6 10.Bg5 Qa5 11.Bxf6 Qxc3+ 12.Kd1 Qxa1+ 13.Kd2 Ng6 14.Bd3 Qxh1
15.Bxg7 Kxg7 16.Bxg6 hxg6 17.Ne5 Kf8 18.Qxg6 Ke7 19.dxc5 Kd8 20.Qf6+ Kc7
21.Qe7+ Bd7 22.Qd6+ Kc8 23.Qf8+ Kc7 24.Qd6+  1/2-1/2

[Event "Lloyds Bank op"]
[Site "London"]
[Date "1987.??.??"]
[Round "1"]
[White "Large, Peter G"]
[Black "Lalic, Susan"]
[Result "1-0"]
[WhiteElo "2330"]
[BlackElo "2335"]

1.e4 e6 2.d4 d5 3.Nc3 Bb4 4.e5 Ne7 5.a3 Bxc3+ 6.bxc3 c5 7.Nf3 b6 8.Bb5+ Bd7
9.Bd3 c4 10.Bf1 Ba4 11.h4 h6 12.g3 Kd7 13.Bh3 Qg8 14.Ra2 Nbc6 15.O-O Qh7
16.Nh2 Kc7 17.h5 Rae8 18.Re1 Nf5 19.Ng4 Nb8 20.Rb2 Nd7 21.Bf4 Kb7 22.Bg2 g6
23.Nf6 Nxf6 24.exf6 Rhg8 25.Rb4 Bc6 26.a4 Rc8 27.Qb1 Bd7 28.a5 Rc6 29.Qb2 Nd6
30.Bxd6 Rxd6 31.axb6 a5 32.Rxc4 Rxb6 33.Qxb6+ Kxb6 34.Rb1+ Bb5 35.Rc5 gxh5
36.Rbxb5+ Ka7 37.Rb3  1-0

[Event "Lloyds Bank op"]
[Site "London"]
[Date "1987.??.??"]
[Round "3"]
[White "Hebden, Mark"]
[Black "Bonin, Jay R"]
[Result "1/2-1/2"]
[WhiteElo "2515"]
[BlackElo "2415"]

1.e4 e6 2.d4 d5 3.Nc3 Bb4 4.e5 Ne7 5.Qg4 Nf5 6.Nf3 Nc6 7.Bd3 h5 8.Qf4 Nce7
9.O-O Bxc3 10.bxc3 Bd7 11.Qd2 Bc6 12.Qe2 Qd7 13.Bg5 a6 14.Rfb1 Bb5 15.Bxb5 axb5
16.Rxb5 Nc8 17.Nh4 Nxh4 18.Bxh4 Nb6 19.Rb3 Qc6 20.Qe3 Nc4 21.Qg5 Kf8 22.Rd1 Kg8
23.Rd3 Rxa2 24.h3 Rh6 25.Qd8+ Kh7 26.Qe7 Rxc2 27.Bg5 Rg6 28.h4 Nxe5 29.dxe5 Qc4
30.Rf3 Qxb3 31.Rxf7 Qxc3 32.g3 Qxe5 33.Rf8 Rxg5 34.hxg5 Qe1+ 35.Kg2 Qe4+
36.Kh2 h4 37.Kh3 Qh1+ 38.Kg4 Rc4+ 39.f4 Qd1+ 40.Kxh4 Qh1+ 41.Kg4  1/2-1/2

[Event "Lloyds Bank op"]
[Site "London"]
[Date "1987.??.??"]
[Round "5"]
[White "Watson, William N"]
[Black "McDonald, Neil R"]
[Result "1-0"]
[WhiteElo "2530"]
[BlackElo "2400"]

1.e4 e6 2.d4 d5 3.Nc3 Bb4 4.e5 Ne7 5.Bd2 b6 6.Nb5 Bxd2+ 7.Qxd2 O-O 8.f4 Ba6
9.Nf3 Qd7 10.Nc3 Bxf1 11.Rxf1 c5 12.O-O-O Nbc6 13.g4 c4 14.Nh4 Ng6 15.Qf2 Qd8
16.Ng2 f6 17.exf6 Rxf6 18.f5 b5 19.Qg3 Nge7 20.fxe6 Rxf1 21.Rxf1 b4 22.Ne2 Qa5
23.Kb1 c3 24.Ne3 cxb2 25.Nf5 Ng6 26.Qe3 Qa3 27.Rf3 Re8 28.Qxa3 bxa3 29.Rxa3 Rxe6
30.Re3 Rf6 31.Kxb2 Na5 32.Re8+ Nf8 33.Nf4 Nc4+ 34.Kc3 Nb6 35.Re7 g6 36.Nh6+ Kh8
37.Nf7+ Kg8 38.Nh6+ Kh8 39.Rf7 Rxf7 40.Nxf7+ Kg7 41.Ne5 Kf6 42.h4 g5 43.Nh5+ Ke7
44.hxg5 Ne6 45.g6 hxg6 46.Nxg6+ Kd6 47.Ng3 Ng5 48.Nf5+ Kc6 49.Kb4 Ne6 50.a4 Nc7
51.Ne5+ Kb7 52.Nd6+ Kb8 53.a5 Na6+ 54.Kb5 Na8 55.Nc6+ Kc7 56.Ne8+ Kb7 57.Nd8+  1-0

[Event "Lloyds Bank op"]
[Site "London"]
[Date "1987.??.??"]
[Round "5"]
[White "Large, Peter G"]
[Black "Bonin, Jay R"]
[Result "0-1"]
[WhiteElo "2330"]
[BlackElo "2415"]

1.e4 e6 2.d4 d5 3.Nc3 Bb4 4.e5 Ne7 5.a3 Bxc3+ 6.bxc3 b6 7.Nf3 Ba6 8.Bxa6 Nxa6
9.Ng5 h5 10.O-O Nb8 11.Qf3 Nf5 12.Qh3 Nc6 13.g4 Nh6 14.Qxh5 Qd7 15.f4 O-O-O
16.f5 exf5 17.gxf5 f6 18.Ne6 Rdg8 19.Qe2 g6 20.Qa6+ Kb8 21.Nc5 gxf5+ 22.Kh1 Qc8
23.Qb5 Ng4 24.Bf4 Nxh2 25.Bxh2 Rxh2+ 26.Kxh2 Rh8+ 27.Kg2 Qg8+ 28.Kf2 Rh2+
29.Ke1 Qg3+ 30.Kd1 Qxc3 31.Nb3 Qxc2+ 32.Ke1 a6 33.Qxd5 Qe2+  0-1

[Event "Lloyds Bank op"]
[Site "London"]
[Date "1987.??.??"]
[Round "7"]
[White "Hartston, William R"]
[Black "Lalic, Susan"]
[Result "1/2-1/2"]
[WhiteElo "2435"]
[BlackElo "2335"]

1.e4 e6 2.d4 d5 3.Nc3 Bb4 4.e5 Ne7 5.a3 Bxc3+ 6.bxc3 c5 7.Nf3 b6 8.a4 Ba6
9.Bb5+ Bxb5 10.axb5 a5 11.h4 Qc7 12.h5 h6 13.O-O Nd7 14.Ba3 O-O 15.Qe2 Rfe8
16.c4 dxc4 17.Qxc4 Rac8 18.Rfd1 Nd5 19.dxc5 Nxe5 20.Qe4 Nxf3+ 21.Qxf3 bxc5
22.c4 Nb6 23.Bb2 Nxc4 24.Bxg7 Kxg7 25.Qg4+ Kh7 26.Qe4+ Kg8 27.Qxc4 Red8 28.Rab1 Qe5
29.b6 Qxh5 30.Rxd8+ Rxd8 31.b7 Rd1+ 32.Rxd1 Qxd1+ 33.Kh2 Qd6+ 34.f4 Qb6 35.Qe4 f5
36.Qf3 h5 37.Qg3+ Kf8 38.Qc3 Kg8 39.Qg3+ Kf7 40.Qf3 Kg8 41.Qg3+  1/2-1/2

[Event "Lloyds Bank op"]
[Site "London"]
[Date "1987.??.??"]
[Round "8"]
[White "Lalic, Susan"]
[Black "Vogel, Jaap"]
[Result "1-0"]
[WhiteElo "2335"]
[BlackElo "2300"]

1.e4 e6 2.d4 d5 3.Nc3 Bb4 4.e5 b6 5.Qg4 Bf8 6.Nf3 Qd7 7.Bb5 c6 8.Bd3 Ba6
9.O-O Bxd3 10.cxd3 Ne7 11.Ne2 c5 12.Bd2 Nbc6 13.dxc5 bxc5 14.d4 Nf5 15.dxc5 Bxc5
16.Rac1 Bb6 17.Ng3 O-O 18.Nh5 Kh8 19.Bg5 Bd8 20.Bxd8 Raxd8 21.Rfe1 Rc8 22.h4 h6
23.Qf4 Qe7 24.Rc3 Na5 25.Rec1 Rc4 26.Rxc4 Nxc4 27.b3 Nb6 28.g3 Rd8 29.Kg2 d4
30.g4 Nd5 31.Qh2 Qa3 32.Rc2 Nfe3+ 33.fxe3 Nxe3+ 34.Kh3 Nxc2 35.Qxc2 d3 36.Qc7 Qf8
37.Nd2 Rc8 38.Qd7 Rd8 39.Qxa7 Ra8 40.Qd4 Rxa2 41.Qxd3 Qc5 42.Ne4 Qb6 43.Nef6 g6
44.Ng3 Kg7 45.Ngh5+ Kh8 46.Qd7  1-0

[Event "USA-op"]
[Site "Los Angeles"]
[Date "1987.??.??"]
[Round "7"]
[White "De la Garza, Arturo"]
[Black "Rey, Guillermo"]
[Result "1/2-1/2"]
[WhiteElo "2235"]
[BlackElo "2350"]

1.e4 e6 2.d4 d5 3.Nc3 Bb4 4.e5 Ne7 5.a3 Bxc3+ 6.bxc3 c5 7.Nf3 Qa5 8.Qd2 Nbc6
9.Rb1 c4 10.g3 O-O 11.Bg2 f6 12.exf6 Rxf6 13.O-O Qc7 14.Qe2 Bd7 15.Bg5 Rf7
16.Bxe7 Rxe7 17.Rfe1 Rae8 18.Ng5 b6 19.f4 Qd6 20.Ra1 h6 21.Nf3 Rf8 22.Nh4 Rf6
23.Qd2 Be8 24.Nf3 Rf8 25.Ne5 Nxe5 26.Rxe5 Rf5 27.Re2 Rf6 28.Rae1 Bg6 29.Re5 Rf5
30.R5e3 Rf6 31.Qe2 Kf7 32.Re5 Rf5 33.Re3 Rf6 34.a4 Qc6 35.Re5 Rd7 36.g4 Kg8
37.g5 Rxf4 38.Rxe6 Rd6 39.Qe5 Rxe6 40.Bxd5 Rg4+ 41.Kf2 Kf8 42.Qxe6 Qxe6 43.Bxe6 Rxg5
44.Bxc4 Bxc2 45.Bb5 a6 46.Bc6 Rf5+ 47.Ke3 Ke7 48.Kd2+ Kd6 49.Kxc2 Kxc6 50.Re6+ Kc7
51.Re7+ Kc6 52.Rxg7 Rf2+ 53.Kb3 Rxh2 54.Rg6+ Kb7 55.d5 h5 56.Rg7+ Kc8 57.Rh7 h4
58.a5 bxa5 59.c4 Rh1 60.c5 Rc1  1/2-1/2

[Event "Medellin"]
[Site "Medellin"]
[Date "1987.??.??"]
[Round "?"]
[White "Henao, Raul Fernando"]
[Black "Agudelo, Antonio"]
[Result "1-0"]
[WhiteElo "2320"]
[BlackElo "2340"]

1.e4 e6 2.d4 d5 3.Nc3 Bb4 4.e5 Ne7 5.a3 Bxc3+ 6.bxc3 c5 7.Nf3 Qc7 8.Be2 b6
9.O-O Ba6 10.Bxa6 Nxa6 11.Qd3 Nb8 12.a4 Nec6 13.c4 dxc4 14.Qxc4 Nd7 15.Bf4 O-O
16.c3 Ne7 17.Ng5 Rfd8 18.Nxe6 fxe6 19.Qxe6+ Kf8 20.Bg5 Nb8 21.f4 Qd7 22.f5 Nbc6
23.Qa2 Re8 24.dxc5 Nxe5 25.Rad1 Qc6 26.f6 Ng8 27.f7 Re6 28.fxg8=Q+ Kxg8 29.Rfe1 Qxc5+
30.Kh1 Re8 31.Rd8 Qc6 32.Rxe8+  1-0

[Event "Moscow TV"]
[Site "Moscow"]
[Date "1987.??.??"]
[Round "?"]
[White "Psakhis, Lev"]
[Black "Chernin, Alexander"]
[Result "1-0"]
[WhiteElo "2575"]
[BlackElo "2570"]

1.e4 e6 2.d4 d5 3.Nc3 Bb4 4.e5 Ne7 5.a3 Bxc3+ 6.bxc3 c5 7.Qg4 O-O 8.Nf3 Qa5
9.Bd2 Qa4 10.Bd3 Nf5 11.Qh3 c4 12.g4 cxd3 13.gxf5 exf5 14.Rg1 Qc6 15.Qh6 Qxh6
16.Bxh6 d2+ 17.Nxd2 g6 18.Bxf8 Kxf8 19.Rb1 b6 20.Rb5 Bb7 21.Nf1 Na6 22.Ne3 Nc7
23.Rb4 Ne6 24.Kd2 Bc6 25.h4 h5 26.Rgb1 f4 27.Ng2 Ke7 28.Rh1 Rg8 29.Rbb1 Ba4
30.Ne1 Bc6 31.Nd3 g5 32.hxg5 Nxg5 33.Nxf4 Ne4+ 34.Ke3 Nxc3 35.Rbg1 Rc8 36.Rxh5 Ba4
37.Rh6 Bxc2 38.Rg7 Be4 39.f3 Nd1+ 40.Ke2 Nc3+ 41.Kf2 Nd1+ 42.Ke1 Bxf3 43.Rf6  1-0

[Event "Moscow-B"]
[Site "Moscow"]
[Date "1987.??.??"]
[Round "?"]
[White "Davies, Nigel R"]
[Black "Casper, Thomas"]
[Result "1/2-1/2"]
[WhiteElo "2420"]
[BlackElo "2430"]

1.e4 e6 2.d4 d5 3.Nc3 Bb4 4.e5 Ne7 5.a3 Bxc3+ 6.bxc3 c5 7.Nf3 b6 8.Bb5+ Bd7
9.a4 Bxb5 10.axb5 Qc7 11.O-O O-O 12.Qd3 h6 13.Bd2 Rc8 14.Ra2 cxd4 15.cxd4 Qc4
16.Qxc4 dxc4 17.Rfa1 c3 18.Bc1 a5 19.bxa6 Nd5 20.Ne1 Rc4 21.Be3 Nc6 22.Ra4 Rxa4
23.Rxa4 Ncb4 24.Kf1 Rxa6 25.Rxa6 Nxa6 26.Ke2 Nab4 27.g4 Kf8 28.Bc1 Ke8 29.f4 Na2
30.Be3 Nxe3 31.Kxe3 Nb4 32.f5 Kd7 33.Ke4 g5 34.Nf3 Kc6 35.f6 Nxc2 36.Kd3 Na3
37.Kxc3 Kd5 38.Kd3 Nb5 39.Ke3 Na3 40.Kd3 Nb5 41.Ke3 Nxd4 42.Nxd4 Kxe5 43.Nc6+ Kxf6
44.Kd4 Kg6 45.Ke5 b5 46.Ne7+ Kh7 47.Nc6 Kg7 48.Nb4 h5 49.h3 Kg6 50.Nc6  1/2-1/2

[Event "New York op"]
[Site "New York"]
[Date "1987.??.??"]
[Round "?"]
[White "Murrey, Jacob"]
[Black "Akhsharumova, Anna M"]
[Result "1-0"]
[WhiteElo "2505"]
[BlackElo "2290"]

1.e4 e6 2.d4 d5 3.Nc3 Bb4 4.e5 b6 5.Qg4 Bf8 6.a4 Nc6 7.Nf3 Qd7 8.Bd2 Nge7
9.Nd1 Nf5 10.Ne3 Bb7 11.Nxf5 exf5 12.Qf4 g6 13.Qe3 Nd8 14.b4 Ne6 15.b5 a5
16.bxa6 Bxa6 17.Bxa6 Rxa6 18.O-O Be7 19.Qb3 O-O 20.Qb5 Qxb5 21.axb5 Rxa1
22.Rxa1 g5 23.Ra4 Rc8 24.Kf1 Kg7 25.Ke2 Kg6 26.c3 h5 27.g3 f6 28.Kd3 g4 29.Nh4+ Kf7
30.exf6 Kxf6 31.Ng2 Rd8 32.Bf4 Bd6 33.Bxd6 Rxd6 34.Ra8 f4 35.gxf4 Kf5 36.Rh8 Nxf4+
37.Nxf4 Kxf4 38.Rxh5 Kf3 39.h3 gxh3 40.Rxh3+ Kxf2 41.Rh7 c5 42.bxc6 Rxc6
43.Rd7 Kf3 44.Rxd5 Kf4 45.c4 Rh6 46.c5 b5 47.Re5 Rh3+ 48.Kd2 b4 49.c6 b3
50.c7 Rh2+ 51.Kd3 Rh8 52.Kc3 Rc8 53.Re7  1-0

[Event "NLD-chT"]
[Site "NLD"]
[Date "1987.??.??"]
[Round "?"]
[White "Van der Wiel, John TH"]
[Black "Hertneck, Gerald"]
[Result "1-0"]
[WhiteElo "2590"]
[BlackElo "2450"]

1.e4 e6 2.d4 d5 3.Nc3 Bb4 4.e5 Ne7 5.a3 Bxc3+ 6.bxc3 c5 7.Qg4 Qc7 8.Qxg7 Rg8
9.Qxh7 cxd4 10.Ne2 Nbc6 11.f4 dxc3 12.Qd3 b6 13.Nxc3 Nf5 14.Bb2 Qe7 15.O-O-O Bd7
16.Nb5 O-O-O 17.g4 Rxg4 18.Bh3 Rxf4 19.Bxf5 exf5 20.Qxd5 a6 21.Nd6+ Kc7 22.Nxf7 Rg8
23.h4 Be6 24.Qd6+ Qxd6 25.exd6+ Kd7 26.Ng5 Bc4 27.Nh7 Rg2 28.Nf6+ Ke6 29.Rhe1+ Kf7
30.Nd5 Rxh4 31.d7 Re2 32.Bf6 Rxe1 33.Rxe1 Re4 34.Rxe4 fxe4 35.Nb4  1-0

[Event "NLD-chT"]
[Site "NLD"]
[Date "1987.??.??"]
[Round "?"]
[White "Van Parreren, Hanneke"]
[Black "Harmsen, Jessica"]
[Result "0-1"]
[WhiteElo "2135"]
[BlackElo "2125"]

1.e4 e6 2.d4 d5 3.Nc3 Bb4 4.e5 Qd7 5.a3 Bxc3+ 6.bxc3 b6 7.Qg4 f5 8.Qg3 Bb7
9.Bb2 Nc6 10.c4 dxc4 11.Bxc4 O-O-O 12.Ne2 Na5 13.Bd3 Ne7 14.O-O g5 15.f3 Rhg8
16.c4 h5 17.Qe1 h4 18.Kf2 g4 19.Ng1 Nb3 20.Rd1 g3+ 21.hxg3 hxg3+ 22.Ke3 Nxd4
23.c5 f4+ 24.Kd2 Nxf3+ 25.Nxf3 Qxd3+ 26.Kc1 Qc4+ 27.Qc3 Rxd1+ 28.Rxd1 Qxc3+
29.Bxc3 Bxf3 30.gxf3 Nd5 31.Bd4 Rh8 32.Kd2 Rh2+ 33.Kd3 Ra2 34.Rh1 Rxa3+ 35.Ke4 bxc5
36.Bxc5 Ra4+ 37.Kd3 Kd7 38.Rh6 Kc6 39.Bg1 Ra1 40.Bd4 Rd1+ 41.Ke4 Re1+ 42.Kd3 Ne3  0-1

[Event "Porabka"]
[Site "Porabka"]
[Date "1987.??.??"]
[Round "8"]
[White "Rakowiecki, Tomasz"]
[Black "Gizynski, Tomasz"]
[Result "1/2-1/2"]
[WhiteElo "2365"]
[BlackElo "2280"]

1.e4 e6 2.d4 d5 3.Nc3 Bb4 4.e5 b6 5.a3 Bf8 6.Nf3 Ba6 7.Ne2 Qd7 8.Nf4 Bxf1
9.Kxf1 Nc6 10.g4 O-O-O 11.Kg2 f6 12.Qe2 Re8 13.Rd1 Nh6 14.h3 Nf7 15.b3 Ng5
16.Nxg5 fxg5 17.Nh5 h6 18.Be3 Re7 19.Qd3 Rf7 20.Qg6 Nd8  1/2-1/2

[Event "PRC-chT"]
[Site "?"]
[Date "1987.??.??"]
[Round "?"]
[White "Zhu Dinglong"]
[Black "Chen De"]
[Result "1-0"]
[WhiteElo "2310"]
[BlackElo "2345"]

1.e4 e6 2.d4 d5 3.Nc3 Bb4 4.e5 Ne7 5.a3 Bxc3+ 6.bxc3 c5 7.Nf3 Nbc6 8.Be2 Qa5
9.O-O Qxc3 10.Bd2 Qb2 11.Rb1 Qxa3 12.Rb3 Qa2 13.Qc1 Nb4 14.dxc5 a5 15.Ra3 Qxc2
16.Qxc2 Nxc2 17.Ra2 O-O 18.Rxc2 Bd7 19.Rb1 Bc6 20.Nd4 Nf5 21.Nxf5 exf5 22.Bb5 a4
23.Ra2 Ra7 24.Bxc6 bxc6 25.Rb6 Rc8 26.Kf1 Kf8 27.Ke2 Ke7 28.Kd3 Ke6 29.Kd4 f6
30.exf6 Kxf6 31.Bc3 f4 32.Rxc6+  1-0

[Event "FRA-ch"]
[Site "Rouen"]
[Date "1987.??.??"]
[Round "11"]
[White "Benoit, Michel"]
[Black "Weill, Roland"]
[Result "0-1"]
[WhiteElo "2240"]
[BlackElo "2200"]

1.Nc3 d5 2.e4 e6 3.d4 Bb4 4.e5 Qd7 5.Nf3 Bf8 6.b3 Nc6 7.Bb5 b6 8.O-O Bb7
9.Re1 a6 10.Bf1 O-O-O 11.Be3 f6 12.exf6 gxf6 13.Na4 Nge7 14.c4 Rg8 15.Rc1 Kb8
16.Bf4 Ka7 17.c5 b5 18.Nb2 Nf5 19.Qd2 e5 20.dxe5 fxe5 21.Rxe5 d4 22.g3 d3
23.Bh3 Nfd4 24.Bg2 Ne2+ 25.Rxe2 dxe2 26.Qxe2 Bg7 27.a4 Rge8 28.Qc2 Nb4 29.Qb1 Bxb2
30.Qxb2 Nd3 31.Qa3 Nxc1 32.axb5 Qd1+  0-1

[Event "ARG-ch"]
[Site "Salta"]
[Date "1987.??.??"]
[Round "9"]
[White "Gomez Baillo, Jorge H"]
[Black "Soppe, Guillermo"]
[Result "1/2-1/2"]
[WhiteElo "2425"]
[BlackElo "2350"]

1.e4 e6 2.d4 d5 3.Nc3 Bb4 4.e5 Ne7 5.a3 Bxc3+ 6.bxc3 b6 7.Nh3 Ng6 8.Bd3 Ba6
9.Bxa6 Nxa6 10.O-O Nb8 11.a4 Nc6 12.Qd3 Qd7  1/2-1/2

[Event "Sevilla op"]
[Site "Sevilla"]
[Date "1987.??.??"]
[Round "?"]
[White "Riemersma, Liafbern"]
[Black "Sisniega, Marcel"]
[Result "1/2-1/2"]
[WhiteElo "2395"]
[BlackElo "2455"]

1.e4 e6 2.d4 d5 3.Nc3 Bb4 4.e5 Ne7 5.a3 Bxc3+ 6.bxc3 c5 7.Qg4 Qc7 8.Qxg7 Rg8
9.Qxh7 cxd4 10.Ne2 Nbc6 11.f4 Bd7 12.Qd3 dxc3 13.Rb1 O-O-O 14.Qxc3 Kb8 15.Bd2 d4
16.Qc4 Bc8 17.g3 b6 18.Bg2 Bb7 19.O-O Nf5 20.Qd3 Qc8 21.Rf2 Ba6 22.Qf3 d3
23.cxd3 Rxd3 24.Qxc6 Qxc6 25.Bxc6 Rxd2 26.Nc3 Rd3 27.Nb5 Rc8 28.Be4 Bxb5
29.Rxb5 Rc1+ 30.Rf1 Rxf1+ 31.Kxf1 Rxa3 32.Rb2 Kc7 33.Kf2 Kd7 34.g4 Nh4 35.Rd2+ Ke7
36.Rd3 Ra4 37.Re3 Ng6 38.Kg3 Ra1 39.h3 Rg1+ 40.Kf2 Rc1 41.Kg3 Rg1+ 42.Kf2 Rc1
43.Kg3  1/2-1/2

[Event "SWE-ch"]
[Site "Stockholm"]
[Date "1987.??.??"]
[Round "?"]
[White "Hellers, Ferdinand"]
[Black "Renman, Nils Gustaf"]
[Result "1/2-1/2"]
[WhiteElo "2465"]
[BlackElo "2455"]

1.e4 e6 2.d4 d5 3.Nc3 Bb4 4.e5 Ne7 5.a3 Bxc3+ 6.bxc3 c5 7.Nf3 Bd7 8.a4 Qa5
9.Bd2 Nbc6 10.Bb5 c4 11.O-O O-O-O 12.Qe2 f5 13.Ng5 Rdf8 14.f4 h6 15.Nf3 Be8
16.Qe3 Bh5 17.Bc1 g5 18.Ba3 Rfg8 19.fxg5 Bxf3 20.Qxf3 hxg5 21.Bd6 Rh7 22.g3 Rgh8
23.Rf2 a6 24.Bxc6 Nxc6 25.Rg2 Qd8 26.Rb1 Qd7 27.Rb6 Nd8 28.Qf1 Qxa4 29.Qb1 Kd7
30.Rb4 Qc6 31.Rb6 Qc8 32.Ba3 Ke8 33.Rd6 Rc7 34.Qb6 Rc6 35.Qb4 Rxd6 36.Qxd6 Qd7
37.Qb6 Kf7 38.Bc1 g4 39.Bg5 Kg6 40.Bf6 Rf8 41.h3 gxh3 42.Rh2 Nf7 43.Rxh3 Ng5
44.Bxg5 Kxg5 45.Qb1 Qg7 46.Qb6 Re8 47.Kg2 Kg6 48.Qb1 Rh8 49.Rxh8 Qxh8 50.Qxb7 Qh5
51.Qxa6 Qe2+ 52.Kg1 Qe1+ 53.Kg2 Qe4+ 54.Kg1 Qe3+ 55.Kg2 Qe4+ 56.Kg1  1/2-1/2

[Event "BCF-ch"]
[Site "Swansea"]
[Date "1987.??.??"]
[Round "?"]
[White "Hodgson, Julian M"]
[Black "Adams, Michael"]
[Result "0-1"]
[WhiteElo "2510"]
[BlackElo "2360"]

1.e4 e6 2.d4 d5 3.Nc3 Bb4 4.e5 b6 5.Bd2 Qd7 6.Bb5 c6 7.Ba4 a5 8.a3 Bf8 9.Nf3 Ba6
10.Ne2 Ne7 11.O-O Bb5 12.Bxb5 cxb5 13.Nc3 Na6 14.a4 bxa4 15.Nxa4 Nc8 16.b3 Be7
17.Qe2 O-O 18.Rfc1 Qb7 19.c4 Nb4 20.c5 bxc5 21.Nxc5 Bxc5 22.Rxc5 Nc6 23.Qd3 h6
24.Bxa5 N8e7 25.Ra4 Rfb8 26.Bd2 Ra7 27.Rxa7 Nxa7 28.Rc3 Nb5 29.Rc1 Nc6 30.h3 Qb6
31.Be3 Nba7 32.Rc3 Na5 33.Nh2 Nxb3 34.Ng4 Na5 35.Kh2 Qb1 36.Qa6 Qb6 37.Qe2 Kf8
38.Nxh6 N7c6 39.Ng4 Qb2 40.Qd3 Qb1 41.Rc2 Kg8 42.Qe2 Nc4 43.h4 Kf8 44.h5 Ke7
45.h6 gxh6 46.Nf6 Kd8 47.Rxc4 dxc4 48.Qxc4 Qb5 49.Qc2 Kc7 50.Qh7 Nd8 51.Qxh6 Qc6
52.Qf8 Kb7 53.Qe7+ Qc7 54.Nd7 Kc8  0-1

[Event "URS Army-ch"]
[Site "Tashkent"]
[Date "1987.??.??"]
[Round "?"]
[White "Klovans, Janis"]
[Black "Huzman, Alexander"]
[Result "1-0"]
[WhiteElo "2420"]
[BlackElo "2435"]

1.e4 e6 2.d4 d5 3.Nc3 Bb4 4.e5 Ne7 5.a3 Bxc3+ 6.bxc3 c5 7.Nf3 Qa5 8.Bd2 Nbc6
9.h4 cxd4 10.cxd4 Qa4 11.Bc3 b6 12.Qd3 a5 13.Qd2 Ba6 14.Bxa6 Rxa6 15.h5 h6
16.O-O Kd7 17.Rab1 Qc4 18.Rfc1 Rc8 19.Bb2 Ke8 20.Nh2 Nf5 21.Nf3 Nb8 22.Ba1 Nd7
23.Rb3 Raa8 24.g4 Ne7 25.Qf4 Qa4 26.Nd2 Nc6 27.c4 Nd8 28.Rbc3 b5 29.c5 b4
30.Rg3 bxa3 31.g5 Rxc5 32.Rf1 hxg5 33.Qxg5 Rc2 34.Nf3 Rac8 35.Qxg7 Rc1 36.Qh6 Rxf1+
37.Kxf1 Nb6 38.Kg2 Qd1 39.Rg8+ Kd7 40.Qf8 Nc4 41.Bc3 Kc6 42.Qc5+ Kb7 43.Qb5+ Ka8
44.Qd7 Nb6 45.Qb5 Nc4 46.Bxa5 Qc2 47.Bxd8 Ne3+ 48.Kh3 a2 49.Qa6+ Kb8 50.fxe3  1-0

[Event "Tel Aviv"]
[Site "Tel Aviv"]
[Date "1987.??.??"]
[Round "?"]
[White "Elyoseph, Harel"]
[Black "Shrentzel, Israel"]
[Result "0-1"]
[WhiteElo "2315"]
[BlackElo "2315"]

1.e4 e6 2.d4 d5 3.Nc3 Bb4 4.e5 b6 5.Qg4 Bf8 6.Nh3 Ne7 7.Bg5 Nbc6 8.O-O-O Bb7
9.Nf4 h6 10.Bxe7 Qxe7 11.h4 Qd7 12.g3 O-O-O 13.Bh3 Na5 14.h5 Qc6 15.Nfe2 b5
16.a3 Nc4 17.Rd3 a5 18.f4 b4 19.axb4 axb4 20.Nd1 Ba6 21.Qf3 Qa4 22.Kb1 Kb7
23.b3 Na3+ 24.Kb2 Qa5 25.Re3 c5 26.Nf2 cxd4 27.Nxd4 Bc5 28.Rd1 Rc8 29.Nf5 Nxc2
30.Rxd5 exd5 31.Qxd5+ Ka7  0-1

[Event "Warsaw zt-A"]
[Site "Warsaw"]
[Date "1987.??.??"]
[Round "?"]
[White "Sax, Gyula"]
[Black "Schmidt, Wlodzimierz"]
[Result "1-0"]
[WhiteElo "2570"]
[BlackElo "2470"]

1.e4 e6 2.d4 d5 3.Nc3 Bb4 4.e5 Ne7 5.a3 Bxc3+ 6.bxc3 c5 7.Qg4 O-O 8.Nf3 Nbc6
9.Bd3 f5 10.exf6 Rxf6 11.Bg5 Rf7 12.Bxe7 Rxe7 13.Qh4 g6 14.O-O c4 15.Be2 Qf8
16.Rfe1 Bd7 17.Bf1 Rae8 18.Re2 Rg7 19.Ng5 Qf6 20.g3 Ne7 21.Nxe6 Qxh4 22.gxh4 Bxe6
23.Rxe6 Rd8 24.Bg2 Nc6 25.Rae1 Kf8 26.Rb1 a6 27.h5 gxh5 28.Rh6 h4 29.Kf1 Rdd7
30.Rxh4 Ne7 31.Rh5 Rf7 32.Rb6 Kg7 33.Rbh6 Kh8 34.Re6 Rd8 35.Rhe5 Rd7 36.h4 Kg7
37.h5 h6 38.Bh3 Rc7 39.Rd6 Rc6 40.Rd7 Kf8 41.Be6  1-0

[Event "Hoogovens-B"]
[Site "Wijk aan Zee"]
[Date "1987.??.??"]
[Round "?"]
[White "Watson, William N"]
[Black "Farago, Ivan"]
[Result "1/2-1/2"]
[WhiteElo "2500"]
[BlackElo "2535"]

1.e4 e6 2.d4 d5 3.Nc3 Bb4 4.e5 Ne7 5.Nf3 c5 6.dxc5 Nd7 7.Qd4 Bxc5 8.Qg4 Ng6
9.Bd3 Be7 10.Bxg6 hxg6 11.h4 Qc7 12.Bf4 Nb6 13.O-O-O Bd7 14.h5 gxh5 15.Rxh5 Rxh5
16.Qxh5 O-O-O 17.Qxf7 Bb4 18.Bg5 Re8 19.Rd3 Nc4 20.Qxg7 Qa5 21.a4 Bf8 22.Qh7 Qb4
23.Nd1 Qxa4 24.Kb1 Qa6 25.Bc1 Qb6 26.Ne3 Bb5 27.Nxc4 Bxc4 28.Rd4 Bc5 29.Rg4 Bxf2
30.Rg8 Qd8 31.Bg5 Qd7 32.Rg7 Qc6 33.Re7 Bc5 34.Rxe8+ Qxe8 35.Bf6 Be2 36.Ng5 Bg4
37.Nf7 Bf5 38.Qg7 Qf8 39.Nd6+ Bxd6 40.exd6 Qxg7 41.Bxg7 Kd7 42.Be5 a5 43.Kc1 d4
44.Kd2  1/2-1/2

[Event "Hoogovens-B"]
[Site "Wijk aan Zee"]
[Date "1987.??.??"]
[Round "?"]
[White "Rogers, Ian"]
[Black "Farago, Ivan"]
[Result "1/2-1/2"]
[WhiteElo "2525"]
[BlackElo "2535"]

1.e4 e6 2.d4 d5 3.Nc3 Bb4 4.e5 Ne7 5.a3 Bxc3+ 6.bxc3 c5 7.h4 Qa5 8.Bd2 Nbc6
9.h5 h6 10.Qg4 cxd4 11.cxd4 Qa4 12.c3 Rg8 13.Qf4 b6 14.Rh3 Ba6 15.Rf3 Rf8
16.Bxa6 Qxa6 17.Qg4 Rg8 18.Ne2 Qb7 19.Qf4 Rf8 20.Qg4 Rg8 21.Rb1 Qd7 22.Kf1 Na5
23.Qf4 Rf8 24.Qg3 Nc4 25.Bc1 Qa4 26.Ke1 Qc2 27.Ra1 Nf5 28.Qg4 O-O-O 29.Ng3 Nxg3
30.Rxg3 Rg8 31.Qe2 Qxe2+ 32.Kxe2 Rdf8 33.f4 g6 34.hxg6 Rxg6 35.Kf3 b5 36.Ra2 Kc7
37.Rxg6 fxg6 38.g4 Kd7 39.Rh2 Rh8 40.f5 exf5 41.gxf5 gxf5 42.Kf4 Ke6 43.Rh5 Rh7
44.Rxf5 Rf7 45.Rxf7 Kxf7 46.Kf5 h5 47.Kg5 Ke6 48.Kxh5 Na5 49.Kg5 Nc6 50.Kf4 a5
51.Ke3 b4 52.cxb4 axb4 53.a4 Nxe5  1/2-1/2

[Event "Zug"]
[Site "Zug"]
[Date "1987.??.??"]
[Round "1"]
[White "Cuijpers, Frans Andre"]
[Black "McDonald, Neil R"]
[Result "1-0"]
[WhiteElo "2410"]
[BlackElo "2400"]

1.e4 e6 2.d4 d5 3.Nc3 Bb4 4.e5 Ne7 5.Bd2 O-O 6.Nf3 Nd7 7.Bd3 f5 8.Ne2 Bxd2+
9.Qxd2 h6 10.Nf4 Nb8 11.h4 b6 12.O-O Qd7 13.c4 Bb7 14.Rac1 dxc4 15.Bxc4 Nd5
16.Bxd5 Bxd5 17.Nxd5 Qxd5 18.Rxc7 Qxa2 19.Rfc1 Na6 20.R7c4 Rad8 21.Qc3 b5
22.Rc6 Nb8 23.Rc5 Rd5 24.Rxd5 Qxd5 25.Qc7 a6 26.Qe7 Nc6 27.Qd6 Qxd6 28.exd6 Na5
29.Rc7 Rd8 30.d7 Kf7 31.Ne5+ Ke7 32.Ra7 Kf6 33.b4  1-0

[Event "Zug"]
[Site "Zug"]
[Date "1987.??.??"]
[Round "3"]
[White "Cuijpers, Frans Andre"]
[Black "Summermatter, Daniel"]
[Result "1-0"]
[WhiteElo "2410"]
[BlackElo "2220"]

1.e4 e6 2.d4 d5 3.Nc3 Bb4 4.e5 Ne7 5.Qg4 O-O 6.Nf3 c5 7.a3 Ba5 8.Bd3 f5 9.exf6 Rxf6
10.Bg5 Qf8 11.Bxf6 Qxf6 12.Qh5 g6 13.Qe5 Qxe5+ 14.dxe5 Nec6 15.O-O-O c4 16.Be2 Bb6
17.Rhf1 Nd7 18.g4 a6 19.Nd2 g5 20.h4 Ndxe5 21.hxg5 Nd4 22.Rde1 Nxe2+ 23.Rxe2 Nxg4
24.Nd1 Bc7 25.f4 h5 26.gxh6 Nxh6 27.Ne3 Bd7 28.f5 c3 29.bxc3 Nxf5 30.Nxf5 exf5
31.Re7 Bb5 32.Rg1+  1-0

[Event "Zug"]
[Site "Zug"]
[Date "1987.??.??"]
[Round "6"]
[White "Ballmann, Martin"]
[Black "McDonald, Neil R"]
[Result "1-0"]
[WhiteElo "2290"]
[BlackElo "2400"]

1.e4 e6 2.d4 d5 3.Nc3 Bb4 4.e5 Ne7 5.Nf3 c5 6.Bd2 cxd4 7.Nb5 Bxd2+ 8.Qxd2 O-O
9.Nbxd4 Nbc6 10.O-O-O Qb6 11.Bd3 Bd7 12.h4 f6 13.exf6 Rxf6 14.Qg5 Raf8 15.Rhe1 Nxd4
16.Nxd4 Ng6 17.g3 Qxd4 18.Bxg6 Qa4 19.Bd3 Qxa2 20.f4 Qa1+ 21.Kd2 Qa5+ 22.Kc1 Qa1+
23.Kd2 Qxb2 24.Rb1 Qd4 25.Rxb7 Rg6 26.Qe7 Bc6 27.Rc7 Re8 28.Qf7+ Kh8 29.Rxc6 Rg8
30.Rcxe6 Qb4+ 31.Ke2 Rxe6+ 32.Qxe6 d4 33.Kf1 Qd2 34.Qf5  1-0

[Event "Barcelona"]
[Site "Barcelona"]
[Date "1988.??.??"]
[Round "?"]
[White "Eslon, Jaan"]
[Black "Campos Lopez, Mario"]
[Result "1/2-1/2"]
[WhiteElo "2395"]
[BlackElo "2330"]

1.e4 e6 2.d4 d5 3.Nc3 Bb4 4.e5 Ne7 5.a3 Bxc3+ 6.bxc3 c5 7.Nf3 Qa5 8.Bd2 Nbc6
9.Be2 cxd4 10.cxd4 Qa4 11.Bc3 b6 12.O-O Ba6 13.Bxa6 Qxa6 14.Bb4 O-O 15.c3 Rfc8
16.h4 h6 17.h5 Nxb4 18.axb4 Qc4 19.Ra3 a5 20.bxa5 Rxa5 21.Rb3 b5 22.Qb1 Nf5
23.Re1 Ra1 24.Qb2 Rxe1+ 25.Nxe1 b4 26.Rxb4 Qxc3 27.Qxc3 Rxc3 28.Kf1 Kh7 29.Ke2 g5
30.hxg6+ Kxg6 31.Kd2 Ra3 32.Nc2 Ra2 33.Kc3 h5 34.Rb8 Kg7 35.Kd3 Nh4 36.Rb1 Ng6
37.g3 Ne7 38.Kc3 Nf5 39.Ra1 Rxa1 40.Nxa1 Kg6 41.Kd3 Kg5 42.Nc2 Kg4 43.Ke2 h4
44.gxh4 Nxh4 45.Na3 Kf4 46.Nb5 Nf5 47.Kd3 Kf3 48.Nd6 Nh6 49.Kd2 Kxf2 50.Kd3 Kf3
51.Kd2 Kf4 52.Kd3 Kg5 53.Kc3 Kg6 54.Kb4 Kg7 55.Kc5 Kf8 56.Kc6 Ng4 57.Kd7 Ne3
58.Nb5 Nc4 59.Kd8 Ne3 60.Kd7 Nf5 61.Kd8 Kg7 62.Kd7 Kg6 63.Ke8 Nh4 64.Kd7 Nf3
65.Ke7 Nh4  1/2-1/2